Návrh zlepšenia systému riadenia personálneho a sociálneho rozvoja zamestnancov v podniku ŽOS Trnava, a.s.

Uložené v:
Podrobná bibliografia
Hlavný autor: Píšová, Lucia (Autor)
Ďalší autori: Homokyová, Mária (Vedúci práce)
Médium: Rukopis Kniha
Jazyk:Slovak
Vydavateľské údaje: 2025
Predmet:
On-line prístup:http://is.stuba.sk/zp/portal_zp.pl?podrobnosti=183829
Tagy: Pridať tag
Žiadne tagy, Buďte prvý, kto otaguje tento záznam!

MARC

LEADER 00000ntm a22000003a 4500
001 stuzp104354
003 SK-STU
005 20250614212924.7
007 ta
008 150427s2015----xo-----f-mn---000-0-slo-d
040 |a STU  |b slo 
041 0 |a slo 
100 1 |a Píšová, Lucia  |u 064000  |4 aut  |U MTF Materiálovotechnologická fakulta  |T MTF Ústav priemyselného inžinierstva a manažmentu  |X 109878  |U M4000  |Y 84  |7 109878 
242 0 1 |a Proposal for improvement of the management system of personnel and social development of employees in ŽOS Trnava, a.s.  |y eng 
245 1 0 |a Návrh zlepšenia systému riadenia personálneho a sociálneho rozvoja zamestnancov v podniku ŽOS Trnava, a.s. 
260 |c 2025 
650 4 |a social development  |2 eng 
650 4 |a human resources management  |2 eng 
650 4 |a employees  |2 eng 
650 4 |a personnel development  |2 eng 
650 4 |a benefits  |2 eng 
650 4 |a benefity  |2 slo 
650 4 |a sociálny rozvoj  |2 slo 
650 4 |a zamestnanci  |2 slo 
650 4 |a riadenie ľudských zdrojov  |2 slo 
650 4 |a personálny rozvoj  |2 slo 
700 1 |a Homokyová, Mária  |u 064000  |k Z1  |4 ths  |U MTF Materiálovotechnologická fakulta  |T MTF Ústav priemyselného inžinierstva a manažmentu  |X 2756  |U M4000  |Y 84  |7 A000002756 
856 4 |u http://is.stuba.sk/zp/portal_zp.pl?podrobnosti=183829 
996 |c M* DP-15630  |l MMSKP  |s P  |a 0  |w stuzp104354_0001